Bail Yourself Out: How you can emerge strong from the world crisis
Gespeichert in:
| 1. Verfasser: | |
|---|---|
| Format: | Buch |
| Sprache: | Englisch |
| Veröffentlicht: |
Toronto
Laitman Kabbalah Publishers
2009
|
| Schlagworte: | |
| Tags: |
Tag hinzufügen
Keine Tags, Fügen Sie den ersten Tag hinzu!
|
MARC
| LEADER | 00000nam a2200000 a 4500 | ||
|---|---|---|---|
| 001 | UCH4682 | ||
| 003 | CL-VaPUC | ||
| 005 | 20240822152509.0 | ||
| 008 | 090827e20090000CN |||||||||||||||||eng|d | ||
| 999 | |c 335953 |d 335951 | ||
| 020 | |a 9781897448274 | ||
| 040 | |c Pontificia Universidad Católica de Valparaíso | ||
| 082 | 0 | 4 | |a 152.41 |b LAI |2 21 |
| 100 | |a Laitman, Michael |e author |9 581292 | ||
| 245 | 1 | 0 | |a Bail Yourself Out: How you can emerge strong from the world crisis |
| 260 | |a Toronto |b Laitman Kabbalah Publishers |c 2009 | ||
| 300 | |a 119 p | ||
| 583 | |a last modification |c 20090827 00:00:00 |k Rodrigo Vera | ||
| 650 | 0 | |a Conducta humana |9 269906 |x Psicología | |
| 650 | 0 | |a Técnicas de autoayuda |9 540355 | |
| 650 | 7 | |a Economía |2 CL-VaPUC |9 466622 | |
| 942 | |c BK |2 ddc | ||
| 945 | |d 20090827 00:00:00 |a dcastane | ||
| 952 | |0 0 |1 0 |4 0 |6 152_410000000000000_LAI_2009 |7 0 |8 A |9 426812 |a BIBAGR |b BIBAGR |d 2019-11-22 |i 4593480 |o 152.41 LAI 2009 |p 4593480 |r 2025-01-20 |w 2019-11-22 |y BK |k AGR | ||